|
|
|
|
| LEADER |
00976cam a2200313 7i4500 |
| 001 |
0000023590 |
| 005 |
20181016090000.0 |
| 005 |
##20181016110200.0 |
| 003 |
##MY-KlINT |
| 008 |
201511019931993xxk d eng d |
| 020 |
# |
# |
|a 9780175563951
|
| 020 |
# |
# |
|a 0175563950
|
| 039 |
# |
9 |
|a 201810161102
|b Amir
|c 201803261247
|d Amir
|c 201803231545
|d rozila
|c 201803231541
|d rozila
|y 201511041257
|z VLOAD
|
| 040 |
# |
# |
|a ELMU
|
| 082 |
0 |
0 |
|a 428.207
|
| 090 |
0 |
0 |
|a E(S) 428.207
|b FOL
|
| 090 |
0 |
0 |
|a 428.207
|b FOL
|
| 100 |
1 |
# |
|a Foley, Mark
|e author
|
| 245 |
1 |
0 |
|a DISTINCTION :
|b ENGLISH FOR ADVANCED LEARNERS /
|c MARK FOLEY, DIANE HALL.
|
| 264 |
# |
0 |
|a England
|b LONGMAN
|c 1993
|
| 264 |
# |
0 |
|c ♭1993
|
| 300 |
# |
# |
|a 192 pages:
|b illustrations;
|c 28cm.
|
| 336 |
# |
# |
|a text
|2 rdacontent
|
| 337 |
# |
# |
|a unmediated
|2 rdamedia
|
| 338 |
# |
# |
|a volume
|2 rdacarrier
|
| 583 |
# |
# |
|a LULUS
|
| 650 |
# |
0 |
|a English language --
|x Spoken
|
| 650 |
# |
0 |
|a English language --
|x Study and teaching
|
| 700 |
0 |
# |
|a Hall, Diane
|